| 000 | 00809cam a2200229 4500 | ||
|---|---|---|---|
| 001 | ABS61413 | ||
| 008 | 000000n1999 000 0 eng u | ||
| 035 | _a(Sirsi) u100602 | ||
| 100 | _aGoodwyn, E. | ||
| 245 | 4 | _aThe cost of a holiday | |
| 260 | _c1999 | ||
| 490 |
_aBuilding _v264(8106) 1 October 1999, 57(1) |
||
| 520 | _aSince implementation the Working Time Regulations have caused difficulties in for companies that employ workers whose pay or hours vary. Tackles the question of how to work out their holiday pay entitlement. | ||
| 590 | _aABS | ||
| 650 | _aWORKING TIME REGULATIONS 1998 | ||
| 650 | _aCONTRACT WORKERS | ||
| 650 | _aHOLIDAY PAY | ||
| 650 | _aEMPLOYMENT LAW | ||
| 650 | _aWELLICOME V KELLY SERVICES (UK) LTD | ||
| 690 | _aOFFICE SERVICES AND ADMINISTRATION | ||
| 942 | _n0 | ||
| 999 |
_c60187 _d60187 |
||